000 00932nam a22002537a 4500
003 UA-OsUOA
001 92263
007 ta
008 20121211b un ||||| |||| 00| 0 ukr d
100 _aСкопюк Т. Г.
090 _a811.111(075.8)
_bС44
942 _cBK
040 _aUA-OsUOA
_beng
_cUA-OsUOA
_dUA-OsUOA
245 _aA Time to Keep
_bнавчальний посібник з англійської мови для студентів історичного факультету для розвитку навичок читаня, письма та мовлення
300 _a77 с.
955 _a2
041 _aeng
080 _a811.111(075.8)
020 _a966-594-530-0
260 _aК.
_bВПЦ "КУ"
_c2003
250 _n2-ге вид., доп. і випр.
650 7 _a8 Мовознавство. Художня література. Літературознавство
_2UDC
999 _c378518
_d378518